| 000 | 01514cam a22004214i 4500 | ||
|---|---|---|---|
| 003 | PE-LiUPU | ||
| 005 | 20250731173137.0 | ||
| 008 | 150623s r 000 0 d | ||
| 035 | _a(Sirsi) a27035 | ||
| 040 |
_aPE-LiUPU _bspa _cPE-LiUPU _erda |
||
| 082 | 0 | 4 |
_a231.765 _bJ21 _221 |
| 100 | 1 |
_aJansma, Sidney J., _eautor. |
|
| 245 | 1 | 0 |
_aSix days / _cSidney J. Jansma. |
| 264 | 1 |
_aGrand Rapids, MI : _bSidney J. Jansma, _c1985. |
|
| 300 |
_a89 páginas ; _c21 cm. |
||
| 336 |
_atext _2rdacontent |
||
| 337 |
_aunmediated _2rdamedia |
||
| 338 |
_avolume _2rdacarrier |
||
| 500 | _aAuspiciado por Institute for Creation Research. | ||
| 505 | 0 | _aThe quicksands of theistic evolution. The fossil record contradicts evolution. A matter of time. Geology and the Genesis flood. Evolution and genetic engineering. Conclusion. Addendum. | |
| 526 | _aSEG42 | ||
| 526 | _aSEG41 | ||
| 526 | _aSEG40 | ||
| 526 | _aSEG39 | ||
| 526 | _aP94 | ||
| 526 | _aP87 | ||
| 526 | _aP86 | ||
| 526 | _aP85 | ||
| 526 | _aP77 | ||
| 526 | _aP76 | ||
| 526 | _aP35 | ||
| 650 | 0 | 4 | _aCreacionismo. |
| 942 |
_2ddc _cBOOK |
||
| 949 |
_a231.765 J21 _wDEWEY _c1 _i52312 _lCCODEBUL1 _mBUL _p3.00 _r0 _sY _tBOOK _u2015-06-24 _xTEOLOGIA _PP35 _0COMPRA _o.STAFF. Colección General |
||
| 596 | _a1 | ||
| 999 |
_a231.765 J21 _wDEWEY _c34132 _i52312 _d34132 _f2021-11-11 _g5 _lCCODEBUL1 _mBUL _p3.00 _q1 _r0 _sY _tBOOK _u2015-6-24 _xTEOLOGIA _PP35 _0COMPRA _o.STAFF. Colección General |
||
| 980 |
_81 _gALBERTO SANCHEZ Responsable de Automatización |
||